<?xml version="1.0" encoding="UTF-8"?>
<collection xmlns="http://www.loc.gov/MARC21/slim">
<record>
  <controlfield tag="001">147018</controlfield>
  <controlfield tag="005">20260420074008.0</controlfield>
  <datafield tag="590" ind1=" " ind2=" ">
    <subfield code="a">1.9</subfield>
    <subfield code="b">2024</subfield>
  </datafield>
  <datafield tag="593" ind1=" " ind2=" ">
    <subfield code="a">Physical Therapy, Sports Therapy and Rehabilitation</subfield>
    <subfield code="c">2024</subfield>
    <subfield code="d">Q2</subfield>
  </datafield>
  <datafield tag="592" ind1=" " ind2=" ">
    <subfield code="a">0.5</subfield>
    <subfield code="b">2024</subfield>
  </datafield>
  <datafield tag="594" ind1=" " ind2=" ">
    <subfield code="a">3.2</subfield>
    <subfield code="b">2024</subfield>
  </datafield>
  <datafield tag="980" ind1=" " ind2=" ">
    <subfield code="a">ARTICLE</subfield>
  </datafield>
  <datafield tag="700" ind1=" " ind2=" ">
    <subfield code="0">(orcid)0000-0002-9930-3903</subfield>
    <subfield code="a">Lucha-López, María Orosia</subfield>
    <subfield code="u">Universidad de Zaragoza</subfield>
  </datafield>
  <datafield tag="700" ind1=" " ind2=" ">
    <subfield code="a">Abenia-Benedí, Hugo</subfield>
  </datafield>
  <datafield tag="700" ind1=" " ind2=" ">
    <subfield code="a">Durán-Serrano, María</subfield>
  </datafield>
  <datafield tag="700" ind1=" " ind2=" ">
    <subfield code="a">Hamam-Alcober, Javier Sami</subfield>
  </datafield>
  <datafield tag="700" ind1=" " ind2=" ">
    <subfield code="a">Krauss, John</subfield>
  </datafield>
  <datafield tag="700" ind1=" " ind2=" ">
    <subfield code="0">(orcid)0000-0001-7667-2178</subfield>
    <subfield code="a">Hidalgo-García, César</subfield>
    <subfield code="u">Universidad de Zaragoza</subfield>
  </datafield>
  <datafield tag="037" ind1=" " ind2=" ">
    <subfield code="a">ART-2025-140717</subfield>
  </datafield>
  <datafield tag="856" ind1="4" ind2=" ">
    <subfield code="s">3924332</subfield>
    <subfield code="u">http://zaguan.unizar.es/record/147018/files/texto_completo.pdf</subfield>
    <subfield code="y">Postprint</subfield>
    <subfield code="z">info:eu-repo/date/embargoEnd/2025-11-25</subfield>
  </datafield>
  <datafield tag="856" ind1="4" ind2=" ">
    <subfield code="s">788763</subfield>
    <subfield code="u">http://zaguan.unizar.es/record/147018/files/texto_completo.jpg?subformat=icon</subfield>
    <subfield code="x">icon</subfield>
    <subfield code="y">Postprint</subfield>
    <subfield code="z">info:eu-repo/date/embargoEnd/2025-11-25</subfield>
  </datafield>
  <datafield tag="951" ind1=" " ind2=" ">
    <subfield code="a">2026-04-18-11:05:06</subfield>
  </datafield>
  <datafield tag="540" ind1=" " ind2=" ">
    <subfield code="9">info:eu-repo/semantics/openAccess</subfield>
    <subfield code="a">by-nc-nd</subfield>
    <subfield code="u">https://creativecommons.org/licenses/by-nc-nd/4.0/deed.es</subfield>
  </datafield>
  <datafield tag="655" ind1=" " ind2="4">
    <subfield code="a">info:eu-repo/semantics/article</subfield>
    <subfield code="v">info:eu-repo/semantics/acceptedVersion</subfield>
  </datafield>
  <datafield tag="520" ind1="3" ind2=" ">
    <subfield code="a">Introduction
Carpal Tunnel Syndrome (CTS) is a prevalent upper limb mononeuropathy that often leads to delayed surgical intervention, resulting in prolonged symptoms and reduced quality of life;
Aim
To describe the effect of a three-session treatment involving nerve mechanical interface mobilization and self-mobilization combined with education in hand function, symptoms, and quality of life of pre-surgical CTS patients at 3 and 6-months follow-ups; 3) A randomized clinical trial was performed in 42 preoperative CTS patients. Patients were randomized into an experimental group, receiving a three-session intervention of education, diacutaneous fibrolysis, and self-mobilization, or a control group receiving standard care. Primary outcomes included the Disabilities of the Arm, Shoulder, and Hand (DASH) questionnaire, while secondary outcomes assessed paresthesia, mechanosensitivity of the median nerve, mechanical threshold with the Semmes Weinstein monofilament, pinch strength, and quality of life, with the short-form-36 &amp; EuroQol-5D;
Results
The cohort were predominantly severe CTS patients with associated comorbidities. Statistical improvements were shown for experimental group compared to control group in DASH at 6-month follow-up (p = 0.035; η2 = 0.12). Paraesthesia intensity, mechanosensitivity, and quality of life were also significantly improved in the experimental group compared to control group at both 3- and 6-months (p &lt; 0.05). The same occurred for pinch strength at 6 months (p &lt; 0.05). No significant differences were found in mechanical threshold (p > 0.05); 5) The treatment effectively improved hand function, symptoms, and quality of life in preoperative CTS patients, offering a viable alternative during delays in surgical procedures. Nerve mechanical interface treatment could not only help mild to severe CTS patients but might be relevant for severe CTS patients with associated comorbidities.</subfield>
  </datafield>
  <datafield tag="506" ind1="0" ind2=" ">
    <subfield code="a">Access copy available to the general public</subfield>
    <subfield code="f">Unrestricted</subfield>
  </datafield>
  <datafield tag="773" ind1=" " ind2=" ">
    <subfield code="g">33, 3 (2025), 183-194</subfield>
    <subfield code="t">Journal of Manual and Manipulative Therapy</subfield>
    <subfield code="x">1066-9817</subfield>
  </datafield>
  <datafield tag="710" ind1="2" ind2=" ">
    <subfield code="1">1006</subfield>
    <subfield code="2">413</subfield>
    <subfield code="a">Universidad de Zaragoza</subfield>
    <subfield code="b">Dpto. Fisiatría y Enfermería</subfield>
    <subfield code="c">Área Fisioterapia</subfield>
  </datafield>
  <datafield tag="245" ind1=" " ind2=" ">
    <subfield code="a">Preoperative physiotherapy effects on hand function and quality of life in carpal tunnel syndrome: 3 – &amp; 6 – month randomized controlled trial</subfield>
  </datafield>
  <datafield tag="024" ind1="7" ind2=" ">
    <subfield code="2">doi</subfield>
    <subfield code="a">10.1080/10669817.2024.2431596</subfield>
  </datafield>
  <datafield tag="024" ind1="8" ind2=" ">
    <subfield code="2">sideral</subfield>
    <subfield code="a">140717</subfield>
  </datafield>
  <datafield tag="260" ind1=" " ind2=" ">
    <subfield code="c">2025</subfield>
  </datafield>
  <datafield tag="100" ind1=" " ind2=" ">
    <subfield code="0">(orcid)0000-0001-9678-3449</subfield>
    <subfield code="a">Hernández-Secorún, Mar</subfield>
  </datafield>
  <datafield tag="041" ind1=" " ind2=" ">
    <subfield code="a">eng</subfield>
  </datafield>
  <datafield tag="909" ind1="C" ind2="O">
    <subfield code="o">oai:zaguan.unizar.es:147018</subfield>
    <subfield code="p">articulos</subfield>
    <subfield code="p">driver</subfield>
  </datafield>
</record>
</collection>